Costanza vince ignoranza ossia la scoperta del sapere malgrado gli ostacoli. di Giorgio L. Craik ; traduzione libera dall'inglese con aggiunta di vari esempi italiani per cura di Pietro Rotondi. 5. ed

Saved in:
Bibliographic Details
Main Author: Craik, George Lillie.
Other Authors: Craik, George Lillie Rotondi, Pietro.
Format: Book
Language:Italian
Published: Firenze G. Barbera 1888
Textbook Catalogue:EDISCO:  Library Catalog Search Result
Textbook Classification:
Tags: Add Tag
No Tags, Be the first to tag this record!
Added to:2016-04-30
Changed in:2017-10-04

MARC

LEADER 00000aam a22000007 4500
001 22524
003 OSt
005 20171004090718.0
008 160501s1888 it 000 0 ita
040 |c Paola Zonca - Torino - SBN 
041 1 |a ita 
100 1 |a Craik, George Lillie. 
245 0 0 |a Costanza vince ignoranza ossia la scoperta del sapere malgrado gli ostacoli. di Giorgio L. Craik ; traduzione libera dall'inglese con aggiunta di vari esempi italiani per cura di Pietro Rotondi. 5. ed 
260 |a Firenze  |b G. Barbera  |c 1888 
300 |a X, 391 p., ;   |c 19 cm. 
510 3 |a Volume uni 
901 |a 7 
700 1 |a Craik, George Lillie  |a Rotondi, Pietro. 
942 |2 ddc  |c BK 
546 |a ita 
999 |c 22513  |d 22513 
999 |c edisco:22513  |d 22513